000 00803nam a2200181Ia 4500
008 151202s9999||||xx |||||||||||||| ||und||
082 _bPNVM-76912
100 _aहरकारे अरूण
245 _aकाही तासांसाठी
260 _b"जिद्द पब्लिकेशन्स ,सावली,रक्षा लेखा सोसायटी,विक्रमनगर,धनकवडी,पुणे-४११०४३ फोन-०२०२४३७१०२६,२४३७४४९८"
260 _c2011
300 _a192
600 _aहरकारे अरूण
630 _aकाही तासांसाठी
700 _aहरकारे अरूण
730 _aकाही तासांसाठी
942 _cBOOK
999 _c1343571
_d1343568